000 01252cab a2200217 i 4500
001 768714001
003 CO-MdFUSB
005 20230111163715.0
008 161108s1998 gt ||||| |||| 00| 0 spa d
022 _a1014-9341
040 _aCO-MdFUSB
_bspa
_cCO-MdFUSB
_dCO-MdFUSB
041 _aspa
100 1 _aBlomberg, Craig L.
_eautor
245 0 3 _aEl Antiguo Testamento y las posesiones materiales (primera de dos partes)
_c/ Craig L. Blomberg
300 _aNúmero 23 (Julio - Diciembre, 1998), páginas 53-74
_c; 22 cm
520 _aLos pasajes del Antiguo Testamento que hablan de los bienes materiales indican que son buenos, pero a menudo empleados egoístamente; que deben beneficiar el mayor número de personas posible, sin omitir a los débiles; y que con frecuencia se relacionan con el pacto singular que Dios estableció con Israel. Los principales principios antiguotestamentarios sobre este tema vuelven a aparecer en el Nuevo Testamento, con la excepción de las promesas de bendición material por la obediencia al pacto y por el trabajo diligente.
546 _aTexto en Español
653 _aAntiguo Testamento
773 0 _tKairós
_049489
_961200
_gNúmero 23 (Julio - Diciembre, 1998), páginas 53-74
_qPáginas 53
942 _cANA
999 _c51217
_d51217